[Event "Central London Open"]
[Site "London"]
[Date "2022.11.05"]
[Round "2.7"]
[White "Buckley, Graeme N"]
[Black "Lundback, Anders"]
[Result "1-0"]
[WhiteElo "2333"]
[BlackElo "1811"]
[PlyCount "39"]
[EventDate "2022.11.04"]
[EventType "swiss"]
[EventRounds "5"]
[EventCountry "ENG"]
[SourceTitle "BritBase"]
[Source "John Saunders"]
[SourceDate "2023.06.01"]
[SourceVersion "1"]
[SourceVersionDate "2023.06.01"]
[SourceQuality "1"]

1. e4 c6 2. d3 d5 3. Nd2 e5 4. Ngf3 Bd6 5. d4 exd4 6. Bd3 Ne7 7. O-O O-O 8. e5
Bc7 9. Nb3 Bf5 10. Re1 Re8 11. Bg5 Bxd3 12. Qxd3 Qc8 13. Nbxd4 Ng6 14. Nf5 h6
15. Bxh6 gxh6 16. Nxh6+ Kg7 17. Nf5+ Kg8 18. Ng5 Rxe5 19. Rxe5 Bxe5 20. Ne7+
1-0

[Event "Central London Open"]
[Site "London"]
[Date "2022.11.05"]
[Round "2.9"]
[White "Alldritt, Nigel R E"]
[Black "Lalic, Peter D"]
[Result "1/2-1/2"]
[WhiteElo "2014"]
[BlackElo "2197"]
[PlyCount "42"]
[EventDate "2022.11.04"]
[EventType "swiss"]
[EventRounds "5"]
[EventCountry "ENG"]
[SourceTitle "BritBase"]
[Source "John Saunders"]
[SourceDate "2023.06.01"]
[SourceVersion "1"]
[SourceVersionDate "2023.06.01"]
[SourceQuality "1"]

1. d4 Nf6 2. c4 c5 3. d5 b5 4. cxb5 a6 5. bxa6 e6 6. Nc3 exd5 7. Nxd5 Be7 8.
Nxe7 Qxe7 9. Bf4 d5 10. e3 O-O 11. Nf3 d4 12. Bc4 Bxa6 13. Qb3 Bb7 14. O-O Nc6
15. exd4 Na5 16. Qc2 Nxc4 17. Rfe1 Qd7 18. Qxc4 Bxf3 19. gxf3 cxd4 20. Rad1 Ra4
21. b4 Qb7 1/2-1/2

[Event "Central London Open"]
[Site "London"]
[Date "2022.11.05"]
[Round "2.10"]
[White "Hill, Alistair"]
[Black "Voecks, Ryan"]
[Result "1-0"]
[WhiteElo "2171"]
[BlackElo "1510"]
[PlyCount "59"]
[EventDate "2022.11.04"]
[EventType "swiss"]
[EventRounds "5"]
[EventCountry "ENG"]
[SourceTitle "BritBase"]
[Source "John Saunders"]
[SourceDate "2023.06.01"]
[SourceVersion "1"]
[SourceVersionDate "2023.06.01"]
[SourceQuality "1"]

1. e4 c5 2. c3 d5 3. exd5 Qxd5 4. d4 Nf6 5. Nf3 Bg4 6. Be2 Nc6 7. O-O e6 8. h3
Bh5 9. Be3 cxd4 10. cxd4 Be7 11. Nc3 Qa5 12. a3 a6 13. Qb3 Qc7 14. Rfd1 Rd8 15.
d5 Na5 16. Qb6 Bd6 17. dxe6 fxe6 18. Rxd6 Qxd6 19. Qxa5 Rc8 20. Rd1 Qe7 21. Ne4
Nxe4 22. Qxh5+ g6 23. Qe5 Nf6 24. Bh6 Rg8 25. Bg5 Rf8 26. Rd6 Rc6 27. Rxc6 bxc6
28. Bxa6 Kf7 29. Bc4 c5 30. Bh6 1-0

[Event "Central London Open"]
[Site "London"]
[Date "2022.11.05"]
[Round "2.11"]
[White "Xaxiris, E."]
[Black "Khovanskiy, Maxim"]
[Result "1/2-1/2"]
[WhiteElo "1979"]
[BlackElo "1911"]
[PlyCount "83"]
[EventDate "2022.11.04"]
[EventType "swiss"]
[EventRounds "5"]
[EventCountry "ENG"]
[SourceTitle "BritBase"]
[Source "John Saunders"]
[SourceDate "2023.06.01"]
[SourceVersion "1"]
[SourceVersionDate "2023.06.01"]
[SourceQuality "1"]

1. d4 Nf6 2. c4 g6 3. Nc3 d5 4. Nf3 Bg7 5. Qb3 c6 6. cxd5 cxd5 7. Bf4 a6 8. Rc1
O-O 9. Na4 Nbd7 10. Bc7 Qe8 11. e3 Ra7 12. Nb6 Nxb6 13. Qxb6 Ra8 14. Ne5 Nd7
15. Nxd7 Qxd7 16. Bd3 Qe6 17. Kd2 Bf6 18. Qb3 b5 19. Rc5 Bb7 20. a4 Qg4 21. Bg3
Rfc8 22. Rxc8+ Rxc8 23. axb5 axb5 24. Qxb5 Bc6 25. Qa6 h5 26. h3 Qd7 27. Rc1
Bb7 28. Rxc8+ Bxc8 29. Qa5 h4 30. Bc7 Bg7 31. b4 e5 32. dxe5 d4 33. e4 Bf8 34.
b5 Qe6 35. Qa4 Bc5 36. b6 Bb7 37. Bc4 Qe7 38. Kd3 Kg7 39. f4 Qf8 40. Qd7 Qa8
41. Qxf7+ Kh6 42. Ba2 1/2-1/2

[Event "Central London Open"]
[Site "London"]
[Date "2022.11.05"]
[Round "2.12"]
[White "Chapman, Terry P D"]
[Black "Folliard, James"]
[Result "1/2-1/2"]
[WhiteElo "2216"]
[BlackElo "1687"]
[PlyCount "43"]
[EventDate "2022.11.04"]
[EventType "swiss"]
[EventRounds "5"]
[EventCountry "ENG"]
[SourceTitle "BritBase"]
[Source "John Saunders"]
[SourceDate "2023.06.01"]
[SourceVersion "1"]
[SourceVersionDate "2023.06.01"]
[SourceQuality "1"]

1. Nf3 d5 2. d4 Nf6 3. c4 c6 4. g3 Bf5 5. Nc3 e6 6. Nh4 Bg6 7. Nxg6 hxg6 8. Qd3
Nbd7 9. Bg2 Bd6 10. O-O O-O 11. Rd1 Re8 12. e4 dxe4 13. Nxe4 Nxe4 14. Qxe4 Nf6
15. Qc2 Qc7 16. b3 Rad8 17. Bb2 e5 18. c5 Bf8 19. dxe5 Nd7 20. b4 Nxe5 21. h3
Be7 22. Rxd8 1/2-1/2

[Event "Central London Open"]
[Site "London"]
[Date "2022.11.05"]
[Round "2.14"]
[White "Millward, Kevin P"]
[Black "Bastianello, Federico"]
[Result "1/2-1/2"]
[WhiteElo "1928"]
[BlackElo "1664"]
[PlyCount "217"]
[EventDate "2022.11.04"]
[EventType "swiss"]
[EventRounds "5"]
[EventCountry "ENG"]
[SourceTitle "BritBase"]
[Source "John Saunders"]
[SourceDate "2023.06.01"]
[SourceVersion "1"]
[SourceVersionDate "2023.06.01"]
[SourceQuality "1"]

1. d4 d5 2. Nc3 e6 3. Bf4 a6 4. e3 Nf6 5. Bd3 b5 6. Nf3 Bb7 7. O-O Nbd7 8. Ne5
c5 9. h3 Be7 10. a3 c4 11. Be2 O-O 12. g4 Nxe5 13. Bxe5 Nd7 14. Bg3 f5 15. f4
Nf6 16. Bh4 Ne8 17. Bxe7 Qxe7 18. Qe1 Qf7 19. Kh2 g6 20. g5 Nd6 21. Nb1 Qg7 22.
Qh4 Kf7 23. Nd2 Rh8 24. Nf3 Ke7 25. Rg1 Nf7 26. Rg2 Kd6 27. Qg3 Bc6 28. Rh1 a5
29. Ra1 b4 30. Rgg1 Rhb8 31. Rgb1 Kc7 32. Qe1 b3 33. c3 Rh8 34. Qg3 Rag8 35.
Rg1 Nd6 36. Ne5 Nf7 37. h4 Nxe5 38. fxe5 h6 39. Kg2 h5 40. Rgf1 Rd8 41. Qh3
Rhf8 42. Rf4 Rf7 43. Raf1 Qh7 44. Kh2 Bb5 45. R1f2 Kb6 46. Qf1 Rc7 47. Qd1 a4
48. Rg2 Rh8 49. Rf3 Rd8 50. Rfg3 Rh8 51. Qe1 Qf7 52. Qf2 Qh7 53. Rf3 Rf8 54.
Rf4 Rh8 55. Rg1 Bd7 56. Qf1 Kb5 57. Qd1 Bc8 58. Rgf1 Bb7 59. Qd2 Qd7 60. Rd1
Qc6 61. Qe1 Rd7 62. Qf1 Ba6 63. Rf2 Kb6 64. Rd2 Rdh7 65. Qd1 Rd8 66. Bf1 Kc7
67. Bg2 Bb7 68. Qf3 Kb6 69. Rf1 Kc7 70. Rfd1 Qb5 71. Bf1 Kb8 72. Qf2 Kc7 73.
Be2 Kb6 74. Qf1 Ba6 75. Kg3 Qc6 76. Qg1 Kb7 77. Kf4 Rdd7 78. Kg3 Rd8 79. Qf2
Rdd7 80. Re1 Rd8 81. Qg2 Kb6 82. Bf3 Bb7 83. Rf2 Kc7 84. Be2 Kd7 85. Qf1 Kc7
86. e4 Bc8 87. exd5 exd5 88. Rf4 Be6 89. Rd1 Kb6 90. Qf2 Rc8 91. Rf1 Qd7 92.
Re1 Kb7 93. Bf3 Rd8 94. Bg2 Qc8 95. Rf1 Qd7 96. Bh3 Rf8 97. Qe3 Rhf7 98. Bg2
Rh7 99. Bf3 Rff7 100. Be2 Rf8 101. Rd1 Rc8 102. Qf2 Rc7 103. Qf1 Qc8 104. Qe1
Rcf7 105. Qf1 Rc7 106. Kh2 Rh8 107. Qf2 Rf7 108. Qf1 Rc7 109. Qf2 1/2-1/2

[Event "Central London Open"]
[Site "London"]
[Date "2022.11.05"]
[Round "2.15"]
[White "Dishman, Matthew"]
[Black "Barbero, Federico"]
[Result "1/2-1/2"]
[WhiteElo "1914"]
[BlackElo "1410"]
[PlyCount "71"]
[EventDate "2022.11.04"]
[EventType "swiss"]
[EventRounds "5"]
[EventCountry "ENG"]
[SourceTitle "BritBase"]
[Source "John Saunders"]
[SourceDate "2023.06.01"]
[SourceVersion "1"]
[SourceVersionDate "2023.06.01"]
[SourceQuality "1"]

1. e4 c5 2. Nf3 d6 3. Bb5+ Bd7 4. Bxd7+ Qxd7 5. c4 Nc6 6. Nc3 Nf6 7. d4 cxd4 8.
Nxd4 g6 9. h3 Bg7 10. Be3 O-O 11. Qd2 Rfc8 12. b3 Nxd4 13. Bxd4 Qe6 14. Qd3
Nxe4 15. Nxe4 Bxd4 16. Qxd4 f5 17. O-O Qxe4 18. Qxe4 fxe4 19. Rae1 Rf8 20. Rxe4
e5 21. Rd1 Rf6 22. Rd5 b6 23. f3 Rc8 24. Kf2 Kf7 25. Re2 Rc5 26. Rxc5 bxc5 27.
g3 a5 28. Ke3 g5 29. Ke4 Ke6 30. Rh2 h5 31. h4 Rf5 32. hxg5 Rxg5 33. Rh3 Rf5
34. Rh4 Rg5 35. Rh3 Rf5 36. Rh4 1/2-1/2

[Event "Central London Open"]
[Site "London"]
[Date "2022.11.05"]
[Round "2.16"]
[White "Wells, Tony D"]
[Black "Rahman, Faraz"]
[Result "1-0"]
[WhiteElo "1835"]
[BlackElo "1356"]
[PlyCount "28"]
[EventDate "2022.11.04"]
[EventType "swiss"]
[EventRounds "5"]
[EventCountry "ENG"]
[SourceTitle "BritBase"]
[Source "John Saunders"]
[SourceDate "2023.06.01"]
[SourceVersion "1"]
[SourceVersionDate "2023.06.01"]
[SourceQuality "1"]

1. e4 e5 2. Nc3 Nf6 3. g3 Bc5 4. Bg2 d6 5. Nge2 Bd7 6. O-O Qc8 7. d4 exd4 8.
Nxd4 Bh3 9. Bg5 Bxg2 10. Kxg2 Ng4 11. Nf5 Nxf2 12. Rxf2 Bxf2 13. Kxf2 Kd7 14.
Ne7 Qf8 1-0

[Event "Central London Open"]
[Site "London"]
[Date "2022.11.06"]
[Round "2.17"]
[White "Jain, Gautam"]
[Black "Todd, Jamie"]
[Result "1-0"]
[WhiteElo "1900"]
[BlackElo "1678"]
[PlyCount "97"]
[EventDate "2022.11.04"]
[EventType "swiss"]
[EventRounds "5"]
[EventCountry "ENG"]
[SourceTitle "BritBase"]
[Source "John Saunders"]
[SourceDate "2023.06.01"]
[SourceVersion "1"]
[SourceVersionDate "2023.06.01"]
[SourceQuality "1"]

1. e4 c6 2. d4 d5 3. Nd2 dxe4 4. Nxe4 Nf6 5. Nxf6+ exf6 6. Ne2 Bd6 7. Bf4 O-O
8. Qd2 Re8 9. O-O-O a5 10. Bxd6 Qxd6 11. Qf4 Qd5 12. Nc3 Qf5 13. Qxf5 Bxf5 14.
d5 Rd8 15. Be2 cxd5 16. Nxd5 Nc6 17. Bb5 Bxc2 18. Nxf6+ gxf6 19. Rxd8+ Rxd8 20.
Bxc6 bxc6 21. Kxc2 Rd5 22. Rd1 Rh5 23. h3 Rf5 24. Rd2 Kg7 25. Kd3 Kg6 26. Kc4
h5 27. g3 h4 28. b3 Rf3 29. Kc5 hxg3 30. fxg3 Rxg3 31. Rh2 Rc3+ 32. Kb6 f5 33.
Kxa5 f4 34. Kb4 Rg3 35. a4 Kg5 36. a5 c5+ 37. Kc4 Kh4 38. a6 Rg8 39. a7 Kg3 40.
Ra2 f3 41. a8=Q Rxa8 42. Rxa8 f2 43. Ra1 Kxh3 44. Kd3 f5 45. Ke2 Kg2 46. Rf1 f4
47. Rxf2+ Kg3 48. Rf3+ Kg4 49. Rc3 1-0

[Event "Central London Open"]
[Site "London"]
[Date "2022.11.05"]
[Round "3.1"]
[White "Chan, Kim Yew"]
[Black "Onslow, Alfie"]
[Result "0-1"]
[WhiteElo "2312"]
[BlackElo "2115"]
[PlyCount "152"]
[EventDate "2022.11.04"]
[EventType "swiss"]
[EventRounds "5"]
[EventCountry "ENG"]
[SourceTitle "BritBase"]
[Source "John Saunders"]
[SourceDate "2023.06.01"]
[SourceVersion "1"]
[SourceVersionDate "2023.06.01"]
[SourceQuality "1"]

1. Nf3 d5 2. d4 Nf6 3. c4 e6 4. g3 Bb4+ 5. Nbd2 dxc4 6. Bg2 O-O 7. O-O b5 8. b3
c3 9. Nb1 Bb7 10. a3 Be4 11. Ne1 Ba5 12. Bxe4 Nxe4 13. Qd3 Qd5 14. Be3 Nc6 15.
b4 Bb6 16. f3 Nd6 17. Nxc3 Qc4 18. Bf2 Nxd4 19. Kg2 a5 20. Rd1 axb4 21. axb4
Ra3 22. Bxd4 Bxd4 23. Qxc4 Nxc4 24. Nxb5 Ne3+ 25. Kh3 Ra2 26. Rxd4 Nxf1 27. Kg2
Ne3+ 28. Kf2 Nd5 29. Rc4 Rb8 30. Nc3 Nxc3 31. Rxc3 Rb7 32. Nd3 Kf8 33. Rc4 Ke8
34. Rh4 h6 35. Rg4 g6 36. Rd4 Rc2 37. f4 Ra7 38. Ne1 Rb2 39. Nd3 Rd2 40. Kf3
Raa2 41. Re4 Ke7 42. g4 g5 43. f5 Ra1 44. fxe6 fxe6 45. Nc5 Rd6 46. Kg3 Ra3+
47. e3 Ra2 48. h4 Rb2 49. hxg5 hxg5 50. Rc4 Rd5 51. Ne4 Kd8 52. Nc5 Re5 53. Kf3
Rh2 54. e4 Rh3+ 55. Kf2 Ra3 56. Rd4+ Ke8 57. Rc4 Ke7 58. Rd4 Rxc5 59. bxc5 Rc3
60. Rd1 Rxc5 61. Ke3 Kf6 62. Kd4 Ra5 63. Rf1+ Ke7 64. Rc1 Kd6 65. Rb1 c5+ 66.
Kd3 Ke5 67. Rc1 Kf4 68. Rf1+ Kxg4 69. Rf6 Ra6 70. Kc4 Rc6 71. e5 Kh5 72. Kb5
Rc8 73. Rxe6 c4 74. Rd6 c3 75. Rd1 c2 76. Rc1 Kg6 0-1

[Event "Central London Open"]
[Site "London"]
[Date "2022.11.05"]
[Round "3.2"]
[White "Farrand, Tom"]
[Black "Tozer, Philip A A"]
[Result "1/2-1/2"]
[WhiteElo "2137"]
[BlackElo "2082"]
[PlyCount "68"]
[EventDate "2022.11.04"]
[EventType "swiss"]
[EventRounds "5"]
[EventCountry "ENG"]
[SourceTitle "BritBase"]
[Source "John Saunders"]
[SourceDate "2023.06.01"]
[SourceVersion "1"]
[SourceVersionDate "2023.06.01"]
[SourceQuality "1"]

1. c4 Nf6 2. g3 c5 3. Bg2 e6 4. Nf3 Be7 5. O-O O-O 6. Nc3 Nc6 7. b3 b6 8. d4
cxd4 9. Nxd4 Bb7 10. Bb2 a6 11. Rc1 Rc8 12. Qd2 Bc5 13. Nxc6 Bxc6 14. Rcd1 Bxg2
15. Kxg2 Be7 16. h3 Qc7 17. Qd4 b5 18. cxb5 axb5 19. Rc1 Qb7+ 20. Kh2 d5 21.
Nb1 b4 22. Nd2 h6 23. e3 Rxc1 24. Rxc1 Rc8 25. Qd3 Rxc1 26. Bxc1 Qa8 27. Qc2
Qa6 28. Kg2 Qe2 29. Qc8+ Bf8 30. a4 Ne4 31. Nxe4 dxe4 32. a5 Qf3+ 33. Kg1 Qd1+
34. Kg2 Qf3+ 1/2-1/2

[Event "Central London Open"]
[Site "London"]
[Date "2022.11.05"]
[Round "3.3"]
[White "Iyengar, Ilya"]
[Black "Hill, Alistair"]
[Result "0-1"]
[WhiteElo "1979"]
[BlackElo "2171"]
[PlyCount "52"]
[EventDate "2022.11.04"]
[EventType "swiss"]
[EventRounds "5"]
[EventCountry "ENG"]
[SourceTitle "BritBase"]
[Source "John Saunders"]
[SourceDate "2023.06.01"]
[SourceVersion "1"]
[SourceVersionDate "2023.06.01"]
[SourceQuality "1"]

1. d4 e6 2. Nf3 c5 3. c4 cxd4 4. Nxd4 Nf6 5. Nc3 d5 6. cxd5 Nxd5 7. e4 Nxc3 8.
bxc3 Be7 9. Be2 O-O 10. Qb3 Nd7 11. O-O Nc5 12. Qc2 Bd7 13. a4 Qc7 14. Rd1 Rfd8
15. Be3 a6 16. a5 h6 17. Rdb1 Rac8 18. Rb6 Bg5 19. Bxg5 hxg5 20. Bf3 Na4 21.
Rb3 Qxa5 22. Rxb7 Be8 23. Rb4 e5 24. Rbxa4 Bxa4 25. Rxa4 Qxc3 26. Qxc3 Rxc3 0-1

[Event "Central London Open"]
[Site "London"]
[Date "2022.11.05"]
[Round "3.4"]
[White "Bonn, Thomas"]
[Black "Buckley, Graeme N"]
[Result "0-1"]
[WhiteElo "2189"]
[BlackElo "2333"]
[PlyCount "90"]
[EventDate "2022.11.04"]
[EventType "swiss"]
[EventRounds "5"]
[EventCountry "ENG"]
[SourceTitle "BritBase"]
[Source "John Saunders"]
[SourceDate "2023.06.01"]
[SourceVersion "1"]
[SourceVersionDate "2023.06.01"]
[SourceQuality "1"]

1. d4 Nf6 2. Nf3 e6 3. c4 b6 4. g3 Ba6 5. Qa4 Bb7 6. Bg2 c5 7. dxc5 bxc5 8. O-O
Be7 9. Nc3 O-O 10. Bf4 d6 11. Rfd1 Qb6 12. Rd2 Rd8 13. Rad1 a6 14. h3 h6 15. g4
Qc7 16. Bg3 Nc6 17. Qc2 Rd7 18. e3 Rad8 19. Qb1 Qb8 20. g5 Nh5 21. Bh4 Na5 22.
b3 Qa8 23. Nd5 exd5 24. Rxd5 g6 25. gxh6 Re8 26. Bg5 Qd8 27. Bxe7 Rexe7 28.
Rxh5 gxh5 29. Ng5 f5 30. Qxf5 Qf8 31. h7+ Rxh7 32. Qe6+ Rhf7 33. Bxb7 Nxb7 34.
Rd5 Rde7 35. Qg6+ Rg7 36. Qxh5 Qe8 37. Qg4 Re5 38. h4 Rxd5 39. cxd5 Qd7 40. Qe4
Nd8 41. Kf1 Nf7 42. Ne6 Qb5+ 43. Ke1 Rg1+ 44. Kd2 Ne5 45. Qf5 Qa5+ 0-1

[Event "Central London Open"]
[Site "London"]
[Date "2022.11.05"]
[Round "3.5"]
[White "Radovanovic, Jovica"]
[Black "Rogers, Tim L"]
[Result "1-0"]
[WhiteElo "2313"]
[BlackElo "2019"]
[PlyCount "73"]
[EventDate "2022.11.04"]
[EventType "swiss"]
[EventRounds "5"]
[EventCountry "ENG"]
[SourceTitle "BritBase"]
[Source "John Saunders"]
[SourceDate "2023.06.01"]
[SourceVersion "1"]
[SourceVersionDate "2023.06.01"]
[SourceQuality "1"]

1. d4 d5 2. c4 e6 3. Nc3 Be7 4. Nf3 Nf6 5. cxd5 exd5 6. Bg5 c6 7. Qc2 h6 8. Bf4
O-O 9. e3 Nbd7 10. h3 Re8 11. Bd3 Nf8 12. O-O Be6 13. Rfb1 Kh8 14. b4 N8d7 15.
Rd1 a6 16. Na4 b5 17. Nc5 Nxc5 18. dxc5 Nd7 19. Nd4 Bf6 20. Bf1 Be5 21. a4 Qf6
22. axb5 axb5 23. Bxe5 Nxe5 24. Rxa8 Rxa8 25. f4 Nc4 26. Bxc4 bxc4 27. Nxc6 Ra3
28. b5 Rb3 29. b6 Rb2 30. b7 Rxb7 31. Nd4 Bd7 32. Ra1 g6 33. Kh2 Kh7 34. c6
Bxc6 35. Ra6 Qe7 36. Nxc6 Qxe3 37. g3 1-0

[Event "Central London Open"]
[Site "London"]
[Date "2022.11.05"]
[Round "3.6"]
[White "Lalic, Peter D"]
[Black "Grigoryan, Meri"]
[Result "1-0"]
[WhiteElo "2197"]
[BlackElo "1990"]
[PlyCount "53"]
[EventDate "2022.11.04"]
[EventType "swiss"]
[EventRounds "5"]
[EventCountry "ENG"]
[SourceTitle "BritBase"]
[Source "John Saunders"]
[SourceDate "2023.06.01"]
[SourceVersion "1"]
[SourceVersionDate "2023.06.01"]
[SourceQuality "1"]

1. Nc3 d5 2. e4 dxe4 3. d3 exd3 4. Bxd3 Nc6 5. Qe2 Nf6 6. Bf4 Nd4 7. Qe5 Ne6 8.
Bg3 c6 9. O-O-O Qb6 10. h4 h5 11. Nf3 Ng4 12. Qe1 Qa5 13. Ng5 Nxg5 14. Nb5 Qxe1
15. Nc7+ Kd8 16. Rhxe1 Bd7 17. Nxa8 Ne6 18. Bf5 Kc8 19. Rxd7 Kxd7 20. Rd1+ Kc8
21. Bc7 b6 22. Rd8+ Kb7 23. Rb8+ Ka6 24. Bd3+ Ka5 25. Nxb6 Nxc7 26. Nc4+ Ka6
27. Ne5+ 1-0

[Event "Central London Open"]
[Site "London"]
[Date "2022.11.05"]
[Round "3.7"]
[White "Lucchi, Lorenzo"]
[Black "Chauhan, Pranay"]
[Result "0-1"]
[WhiteElo "2111"]
[BlackElo "1923"]
[PlyCount "130"]
[EventDate "2022.11.04"]
[EventType "swiss"]
[EventRounds "5"]
[EventCountry "ENG"]
[SourceTitle "BritBase"]
[Source "John Saunders"]
[SourceDate "2023.06.01"]
[SourceVersion "1"]
[SourceVersionDate "2023.06.01"]
[SourceQuality "1"]

1. e4 e6 2. d3 d5 3. Nd2 Nf6 4. Ngf3 Be7 5. g3 c5 6. Bg2 Nc6 7. O-O Qc7 8. exd5
exd5 9. d4 cxd4 10. Nb3 O-O 11. Bf4 Qb6 12. Nfxd4 Bg4 13. f3 Bd7 14. Be3 Qc7
15. Nb5 Qd8 16. Nc3 Bf5 17. Qd2 Ne5 18. Bf2 Nc4 19. Qc1 Qc8 20. g4 Be6 21. Nb5
Rd8 22. Re1 Bf8 23. Nxa7 Rxa7 24. Bxa7 b6 25. Kh1 Rd7 26. g5 Ne8 27. Nd4 Rxa7
28. b3 Ncd6 29. Nxe6 fxe6 30. Qe3 Re7 31. Qxb6 Qxc2 32. a4 Qf5 33. a5 Rb7 34.
Qe3 Nc7 35. a6 Rb8 36. a7 Ra8 37. Qb6 Ndb5 38. Rec1 Bd6 39. Qg1 Qf4 40. Rc6 d4
41. Rb6 Rxa7 42. Rxa7 Nxa7 43. Bf1 Nd5 44. Ra6 Bb8 45. Qg3 Qf8 46. Qg4 Ne3 47.
Qxe6+ Kh8 48. Be2 Nb5 49. Rb6 Nc3 50. Qe7 Qg8 51. Bc4 Nxc4 52. bxc4 Bf4 53. Qd7
Qa8 54. Qb7 Qe8 55. Ra6 Qe1+ 56. Kg2 Qe2+ 57. Kh3 Qxh2+ 58. Kg4 Qg3+ 59. Kf5
Qxg5+ 60. Ke6 Qf6+ 61. Kd7 Qf7+ 62. Kc6 Qxc4+ 63. Kb6 Qb4+ 64. Ka7 Qxb7+ 65.
Kxb7 h5 0-1

[Event "Central London Open"]
[Site "London"]
[Date "2022.11.05"]
[Round "3.8"]
[White "Khovanskiy, Maxim"]
[Black "Wilks, Simon"]
[Result "0-1"]
[WhiteElo "1911"]
[BlackElo "2061"]
[PlyCount "74"]
[EventDate "2022.11.04"]
[EventType "swiss"]
[EventRounds "5"]
[EventCountry "ENG"]
[SourceTitle "BritBase"]
[Source "John Saunders"]
[SourceDate "2023.06.01"]
[SourceVersion "1"]
[SourceVersionDate "2023.06.01"]
[SourceQuality "1"]

1. e4 e6 2. d4 d5 3. Nc3 Nf6 4. Bd3 c5 5. exd5 cxd4 6. Bb5+ Bd7 7. Bxd7+ Qxd7
8. Qxd4 Nc6 9. Qd1 exd5 10. Nf3 Bb4 11. Bd2 O-O 12. O-O h6 13. a3 Ba5 14. Ne2
Bb6 15. Bf4 Rfe8 16. Qd3 Rad8 17. Rad1 Qe6 18. Ned4 Qe4 19. Qd2 Nxd4 20. Nxd4
Qg6 21. h3 Nh5 22. Be3 Re4 23. c3 Bxd4 24. cxd4 f5 25. Qa5 b5 26. Qxa7 f4 27.
Qc7 Rf8 28. Bc1 f3 29. g3 Kh7 30. Kh2 Qe6 31. Qc3 Nxg3 32. Rfe1 Ne2 33. Qd3
Qd6+ 34. Kh1 Qd7 35. Kh2 Qd6+ 36. Kh1 g6 37. Qd2 Rh4 0-1

[Event "Central London Open"]
[Site "London"]
[Date "2022.11.05"]
[Round "3.9"]
[White "Alldritt, Nigel R E"]
[Black "Todd, Jamie"]
[Result "1-0"]
[WhiteElo "2014"]
[BlackElo "1678"]
[PlyCount "67"]
[EventDate "2022.11.04"]
[EventType "swiss"]
[EventRounds "5"]
[EventCountry "ENG"]
[SourceTitle "BritBase"]
[Source "John Saunders"]
[SourceDate "2023.06.01"]
[SourceVersion "1"]
[SourceVersionDate "2023.06.01"]
[SourceQuality "1"]

1. d4 d5 2. c4 e6 3. Nf3 Nf6 4. g3 dxc4 5. Bg2 c5 6. O-O Nc6 7. Qa4 Bd7 8. Qxc4
cxd4 9. Nxd4 Qb6 10. Nxc6 Bxc6 11. Bxc6+ bxc6 12. Nc3 Nd5 13. e4 Nxc3 14. Qxc3
Rd8 15. Be3 Qb5 16. Rfd1 Rxd1+ 17. Rxd1 c5 18. Bg5 f6 19. Bxf6 Kf7 20. Be5 Qe2
21. Rd7+ Ke8 22. Rxa7 Qxe4 23. Qd2 Qb1+ 24. Kg2 Qe4+ 25. f3 Qd5 26. Qxd5 exd5
27. Bxg7 Bxg7 28. Rxg7 c4 29. Ra7 d4 30. Ra8+ Kd7 31. Rxh8 c3 32. bxc3 dxc3 33.
Rxh7+ Kd6 34. Rh4 1-0

[Event "Central London Open"]
[Site "London"]
[Date "2022.11.05"]
[Round "3.10"]
[White "Lundback, Anders"]
[Black "Briggs, John Nicholas"]
[Result "1/2-1/2"]
[WhiteElo "1811"]
[BlackElo "2010"]
[PlyCount "82"]
[EventDate "2022.11.04"]
[EventType "swiss"]
[EventRounds "5"]
[EventCountry "ENG"]
[SourceTitle "BritBase"]
[Source "John Saunders"]
[SourceDate "2023.06.01"]
[SourceVersion "1"]
[SourceVersionDate "2023.06.01"]
[SourceQuality "1"]

1. d4 d6 2. e4 Nf6 3. Bd3 e5 4. c3 Be7 5. h3 Nbd7 6. Nf3 O-O 7. O-O c6 8. a4 b6
9. Re1 a6 10. Nbd2 Bb7 11. Nc4 Qc7 12. Bg5 b5 13. Ne3 Rfe8 14. Nf5 Bf8 15. Bh4
g6 16. dxe5 dxe5 17. Ne3 Bg7 18. Bc2 Nc5 19. Nf1 Ne6 20. Bb3 h6 21. Qc2 Nc5 22.
Rad1 Nxb3 23. Qxb3 Rad8 24. Bg3 Nh5 25. Bh4 Bf6 26. Bxf6 Nxf6 27. Ng3 Kg7 28.
c4 Rxd1 29. Rxd1 bxa4 30. Qxa4 c5 31. Qc2 Qc6 32. Re1 Qc7 33. Qc3 Bc6 34. Nd2
Nd7 35. f4 f6 36. f5 g5 37. Qf3 Nf8 38. Ndf1 Rd8 39. Ne3 Rd4 40. Nh5+ Kf7 41.
Ng3 Kg7 1/2-1/2

[Event "Central London Open"]
[Site "London"]
[Date "2022.11.05"]
[Round "3.11"]
[White "Folliard, James"]
[Black "Wells, Tony D"]
[Result "0-1"]
[WhiteElo "1687"]
[BlackElo "1835"]
[PlyCount "42"]
[EventDate "2022.11.04"]
[EventType "swiss"]
[EventRounds "5"]
[EventCountry "ENG"]
[SourceTitle "BritBase"]
[Source "John Saunders"]
[SourceDate "2023.06.01"]
[SourceVersion "1"]
[SourceVersionDate "2023.06.01"]
[SourceQuality "1"]

1. e4 e5 2. Nf3 Nc6 3. d4 exd4 4. Bc4 Nf6 5. e5 d5 6. Bb5 Ne4 7. Nxd4 Bc5 8.
Be3 Bd7 9. Bxc6 bxc6 10. O-O Qe7 11. f3 Nd6 12. Bf2 Nc4 13. Qc1 O-O 14. f4 f6
15. b3 fxe5 16. Nxc6 Bxc6 17. bxc4 Rxf4 18. cxd5 Bxd5 19. Nd2 Rxf2 20. Rxf2 Qh4
21. g3 Qd4 0-1

[Event "Central London Open"]
[Site "London"]
[Date "2022.11.05"]
[Round "3.12"]
[White "Voecks, Ryan"]
[Black "Millward, Kevin P"]
[Result "1/2-1/2"]
[WhiteElo "1510"]
[BlackElo "1928"]
[PlyCount "137"]
[EventDate "2022.11.04"]
[EventType "swiss"]
[EventRounds "5"]
[EventCountry "ENG"]
[SourceTitle "BritBase"]
[Source "John Saunders"]
[SourceDate "2023.06.01"]
[SourceVersion "1"]
[SourceVersionDate "2023.06.01"]
[SourceQuality "1"]

1. e4 d6 2. d4 Nf6 3. Nc3 e5 4. dxe5 dxe5 5. Qxd8+ Kxd8 6. Bc4 Be6 7. Bxe6 fxe6
8. a3 Bc5 9. Bg5 Nc6 10. Nf3 a6 11. O-O Ke8 12. Rad1 Rf8 13. Bh4 h6 14. b4 Bd6
15. Rd3 g5 16. Bg3 Nh5 17. Rfd1 Ke7 18. Ne2 Rad8 19. c4 Nxg3 20. hxg3 Kf6 21.
Kf1 Be7 22. Rd7 Nb8 23. R7d3 Rxd3 24. Rxd3 Rd8 25. Nc1 Rxd3 26. Nxd3 Nd7 27. c5
g4 28. Nd2 a5 29. Nc4 axb4 30. axb4 c6 31. Na5 b6 32. cxb6 Nxb6 33. Nxc6 Bd6
34. Ke2 Nc4 35. Kd1 Na3 36. Nc5 Nc4 37. Ke2 Nb6 38. Nd3 Nc4 39. b5 Kf7 40. Nd8+
Ke7 41. Nb7 Na3 42. Nxd6 Kxd6 43. f3 Nxb5 44. fxg4 Nd4+ 45. Kf2 Nc6 46. Ke3 Ke7
47. Nc5 Kf6 48. Kf2 Nd4 49. Nd7+ Kg5 50. Nxe5 Kf6 51. Nf3 Nc6 52. Ke3 e5 53.
Kd3 Nb4+ 54. Kc3 Na2+ 55. Kc4 Nc1 56. Kd5 Nd3 57. Kd6 Nf2 58. Nxe5 Nxe4+ 59.
Kd5 Nxg3 60. Nf3 Ne2 61. Ke4 Nc3+ 62. Kf4 Nd5+ 63. Kg3 Ne3 64. Kh3 Kg6 65. g3
Nc4 66. Kh4 Nd6 67. Ne5+ Kf6 68. Nf3 Ne4 69. Kh3 1/2-1/2